000 00857nac a22002531i 4500
003 EG-ScBUE
005 20250219100810.0
008 250211s1956 enka f 001 0 eng d
035 _a(OCoLC)527770
040 _aEG-ScBUE
_beng
_erda
_cEG-ScBUE
_dEG-ScBUE
082 0 4 _a517.2
_bFER
_222
100 1 _aFerrar, W. L.,
_eauthor.
245 1 0 _aDifferential calculus /
_bby W. L. Ferrar, Fellow of Hertford College, Oxford.
264 1 _aOxford :
_bAt The Clarendon Press ;
_aLondon :
_bOxford University Press,
_c1956.
300 _ax, 296 pages :
_billustrations ;
_c23 cm
336 _2rdacontent
_atext
_btxt
337 _aunmediated
_2rdamedia
_bn
338 _avolume
_bnc
_2rdacarrier
500 _aIncludes index.
650 7 _aDifferential calculus.
_2BUEsh
655 _vReading book
942 _cBB
_2ddc
999 _c3015
_d3015